El Padre de Huérfanos de Navarra / (Record no. 137790)

MARC details
000 -LEADER
campo de control de longitud fija 00660nam a2200169 4500
001 - NÚMERO DE CONTROL
campo de control 137790
003 - IDENTIFICADOR DE NÚMERO DE CONTROL
campo de control ES-MaACL
007 - CAMPO FIJO DE DESCRIPCIÓN FÍSICA--INFORMACIÓN GENERAL
campo de control de longitud fija t|
008 - DATOS DE LONGITUD FIJA--INFORMACIÓN GENERAL
campo de control de longitud fija 070214s1954 sp r ||||1| spa d
100 1# - ENTRADA PRINCIPAL--NOMBRE DE PERSONA
Nombre de persona Salinas Quijada, Francisco.
9 (RLIN) 101950
245 13 - MENCIÓN DEL TÍTULO
Título El Padre de Huérfanos de Navarra /
Mención de responsabilidad, etc. por Francisco Salinas Quijada ; prólogo del Ilmo. Sr. D. José Guallart y López de Goicoechea.
260 ## - PUBLICACIÓN, DISTRIBUCIÓN, ETC.
Lugar de publicación, distribución, etc. Pamplona :
Nombre del editor, distribuidor, etc. Consejo de Estudios de Derecho Navarro,
Fecha de publicación, distribución, etc. 1954.
300 ## - DESCRIPCIÓN FÍSICA
Extensión 211, CXCIX, 8 lám. ;
Dimensiones 22 cm.
700 1# - ENTRADA AGREGADA--NOMBRE PERSONAL
Nombre de persona Guallart y López de Goicoechea, José.
9 (RLIN) 60297
710 2# - ENTRADA AGREGADA--NOMBRE DE ENTIDAD CORPORATIVA
Nombre de entidad corporativa o nombre de jurisdicción como elemento de entrada Consejo de Estudios de Derecho Navarro.
9 (RLIN) 3185
852 ## - LOCALIZACIÓN
Ubicación ES-MaACL
Número de control de estantería C-9229
Sublocalización o colección R.37119
Holdings
Estatus retirado Estado de pérdida Estado de daño No para préstamo Biblioteca de origen Biblioteca actual Ubicación en estantería Fecha de adquisición Fuente de adquisición Total de préstamos Signatura topográfica completa Código de barras Visto por última vez Precio de reemplazo Tipo de ítem Koha
        Biblioteca del Ateneo de Madrid Biblioteca del Ateneo de Madrid Sala Palomar 17/01/2008     C-9229 1143390 23/02/2023 23/02/2023 Libro impreso